000 01687nam a2200481 i 4500
001 28129
003 KOSZ 005
005 20230206111542.0
008 981118s1985 pl a |000 0 pol
015 _aUWD 1985/6249
035 _a991008279439705066
035 _a(PL-WaBN)b1213367x-48omnis_nlop
035 _ab1213367x
035 _a(OCoLC)830182311
035 _a(PL)b0000001213367
035 _a(EXLNZ-48OMNIS_NETWORK)9910321432705606
040 _aWA N
_cWA N
_dKR U
_dKOSZ 005/HR
041 0 _apol
046 _k1985
080 _a69.059(438)"19"
080 _a624.01/.07
100 1 _aRunkiewicz, Leonard
_d(1939-2023)
_eAutor
245 1 0 _aAnaliza katastrof i awarii konstrukcji budowlanych w latach 1978-1982 /
_cLeonard Runkiewicz, Włodzimierz Z. Kędra.
260 _aWarszawa :
_bWydawnictwa ITB,
_c1985.
300 _a61 s. :
_bfot., rys. ;
_c24 cm.
336 _aTekst
_btxt
_2rdacontent
337 _aBez urządzenia pośredniczącego
_bn
_2rdamedia
338 _aWolumin
_bnc
_2rdacarrier
380 _aKsiążki
388 _a1901-2000
388 _a1945-1989
490 1 _aPrace Naukowe Instytutu Techniki Budowlanej. Studia
504 _aBibliogr. s. 60-61.
650 7 _aKatastrofy budowlane
_2DBN
651 7 _aPolska
658 _aArchitektura i budownictwo
700 1 _aKędra, Włodzimierz Zbigniew
_eAutor
710 2 _aInstytut Techniki Budowlanej
_4pbl
830 0 _aPrace Naukowe Instytutu Techniki Budowlanej.
_pStudia
856 _uhttp://koha.tu.koszalin.pl/cgi-bin/koha/opac-detail.pl?biblionumber=28129
_yKatalog online BPK
942 _2UKD
_cKS
999 _c28129
_d28129